000 01157nam2a2200229 4500
001 RU\NLR\BIBL_A\011311509
005 20250626041942.0
010 _a978-5-699-81743-6
021 _aRU
_b2016-97207
_96447
035 _a(NLR Aleph) 011311509
090 _a11024166
_c11024166
100 _a20170118d2016 |||y0rusy50 ca
101 0 _arus
_aeng
102 _aRU
105 _aac||j|||000zy
200 0 _aЧ. 1
215 _a141, [1] с.
_cцв. ил., портр.
_e[1] электрон. опт. диск (CD-ROM)
461 0 _1001RU\NLR\BIBL_A\011338979
_12001#$aEnglish$e2 класс$eучебник$eв двух частях$fИ.Н. Верещагина, Н.В. Уварова$vЧ. 1
_1700#1$aВерещагина$bИ. Н.$cканд. пед. наук$f1926-2011$gИрина Николаевна$3RU\NLR\AUTH\776375
_911181546
_aВерещагина, И. Н. (канд. пед. наук ; 1926-2011)
_cМосква
_d2016
_fИ.Н. Верещагина, Н.В. Уварова
_nЭксмо
_o2 класс : учебник : в двух частях
_tEnglish
_vЧ. 1
942 _cBOOK
980 _aNB